الجامع في اللغة العربية الثقافة العامة / (رقم التسجيلة. 63335)
[ عرض عادي ]
| 000 -LEADER | |
|---|---|
| fixed length control field | 00641nam a22002057a 4500 |
| 005 - DATE AND TIME OF LATEST TRANSACTION | |
| control field | 20251108171821.0 |
| 008 - FIXED-LENGTH DATA ELEMENTS--GENERAL INFORMATION | |
| fixed length control field | 250721s1996 xx 000 0 ara d |
| 082 14 - DEWEY DECIMAL CLASSIFICATION NUMBER | |
| Classification number | 410.7/ناي |
| 100 1# - MAIN ENTRY--PERSONAL NAME | |
| Personal name | سليمان، نايف |
| 245 10 - TITLE STATEMENT | |
| Title | الجامع في اللغة العربية الثقافة العامة / |
| 250 ## - EDITION STATEMENT | |
| Edition statement | ط4 . ، مزيدة و منقحة |
| 264 1# - PRODUCTION, PUBLICATION, DISTRIBUTION, MANUFACTURE, AND COPYRIGHT NOTICE | |
| Place of production, publication, distribution, manufacture | عمان : |
| Name of producer, publisher, distributor, manufacturer | دار صفاء للنشر و التوزيع، |
| Date of production, publication, distribution, manufacture, or copyright notice | 1996. |
| 300 ## - PHYSICAL DESCRIPTION | |
| Extent | 191ص |
| 650 17 - SUBJECT ADDED ENTRY--TOPICAL TERM | |
| Topical term or geographic name as entry element | اللغة العربية |
| 650 17 - SUBJECT ADDED ENTRY--TOPICAL TERM | |
| Topical term or geographic name as entry element | التعلم |
| 700 1# - ADDED ENTRY--PERSONAL NAME | |
| Personal name | جابر، عادل |
| 700 1# - ADDED ENTRY--PERSONAL NAME | |
| Personal name | فلاح، خالد |
| 942 ## - ADDED ENTRY ELEMENTS (KOHA) | |
| Source of classification or shelving scheme | Dewey Decimal Classification |
| Koha item type | كتب |
| حالة السحب | حالة الفقدان | مصدر التصنيف | حالة التلف | غير قابل للإعارة | المكتبة الرئيسية | المكتبة الحالية | موقع الرف | تاريخ التزويد | الرقم المتسلسل | Total Checkouts | رقم الإستدعاء | الباركود | تاريخ آخر ظهور | تاريخ الفاتورة | نوع المادة (كوها) |
|---|---|---|---|---|---|---|---|---|---|---|---|---|---|---|---|
| Dewey Decimal Classification | مكتبة النصر العامة | مكتبة النصر العامة | الإعارة | 13/03/2015 | [ 7713 ] | 410.7/ناي | PLD00376746 | 28/07/2025 | 13/03/2015 | كتب |